000 00662nam a2200181Ia 4500
008 100921s9999 xx 000 0 und d
082 _b5526
_a891.463 थ 18
100 _aआपटे हरी नारायण.
245 _aकेवळ स्वराज्यासाठी.
260 _bआपटे हरी नारायण,पुणे.
_c1918
300 _a428
_b---
365 _b0
520 _aललित-कादंबरी.
630 _aकेवळ स्वराज्यासाठी.
650 _aललित-कादंबरी.
730 _aकेवळ स्वराज्यासाठी.
942 _cBOOK
999 _c754639
_d754636